Największe Miasta Województwa Lubelskiego - Statystyki

Ogólne statystyki
  • Ten quiz został rozwiązany 46 razy
  • Średni wynik to 10 z 15
Statystyki odpowiedzi
Populacja Miasto % Poprawnych
331 991 Lublin
97%
59 274 Zamość
95%
58 357 Chełm
92%
54 926 Biała Podlaska
86%
44 504 Puławy
78%
25 173 Biłgoraj
76%
31 950 Kraśnik
73%
17 573 Krasnystaw
70%
16 390 Hrubieszów
68%
20 168 Lubartów
68%
37 129 Świdnik
68%
18 165 Tomaszów Lubelski
62%
17 889 Łęczna
59%
27 569 Łuków
57%
15 611 Międzyrzec Poslaski
0%
Nie znaleziono quizów pasujących do podanych kryteriów
Rozkład punktacji
Procent ludzi z każdym wynikiem
Percentyl według liczby udzielonych odpowiedzi
Twoja historia wyników
Nie rozwiązałeś tego quizu